Jude the Obscure (Запис № 580565)

МАРК-запис
000 -Лідер
fixed length control field 01188nam a2200253 4500
001 - Контрольний номер
control field 2162214035926739
003 - Ідентифікатор контрольного номера
control field UA-OsUOA
005 - Дата та час останнього входження (трансакції)
control field 20260427152512.0
008 - Елементи даних фіксованої довжини – загальна інформація
fixed length control field 260427b -ukb|||| |||| 00| fdeng d
020 ## - Міжнародний стандартний книжковий номер (ISBN)
Міжнародний стандартний книжковий номер (ISBN) (НП) 333168860
040 ## - Джерело каталогізації
Агенція оригінальної каталогізації UA-OsUOA
Мова каталогізації eng
Агенція, яка здійснювала перезапис UA-OsUOA
Агенція, яка здійснювала модифікацію UA-OsUOA
041 ## - Код мови
Код мови тексту/ звукової доріжки чи окремого заголовка (П) eng
080 ## - Індекс Універсальної десяткової класифікації
Індекс Універсальної десяткової класифікації (УДК) (НП) 821.111
090 ## - Локальний шифр розміщення
Класифікаційний індекс УДК 821.111
Авторський знак (НП) H25
100 ## - Основне введення – ім’я особи
Ім’я особи (НП) Hardy T.
9 (RLIN) 24986
245 ## - Відомості про назву
Назва (НП) Jude the Obscure
Дані про відповідальність (НП) Thomas Hardy ; Introduction by Terry Eagleton with Notes by P. N. Furbank
520 ## - Резюме і т.п.
Резюме, реферат, анотація, тощо (НП) Jude the Obscure is the final completed novel by Thomas Hardy, published in 1895. It tells the tragic story of Jude Fawley, a working-class stonemason who dreams of becoming a scholar at the University of Christminster.<br/>However, his ambitions are constantly thwarted by social barriers and his own human weaknesses. The plot follows his disastrous marriage to Arabella Donn and his complex, unconventional relationship with his intellectual cousin, Sue Bridehead.
650 ## - Додаткове предметне введення – тематичний термін
Джерело заголовка чи терміна UDC
700 1# - Додаткове введення – ім'я особи
Ім’я особи (НП) Eagleton T.
9 (RLIN) 25098
700 1# - Додаткове введення – ім'я особи
Ім’я особи (НП) Furbank P. N.
9 (RLIN) 25099
942 ## - Додаткові елементи входу (Коха)
Source of classification or shelving scheme Universal Decimal Classification
Тип елемента Koha Книги
955 ## - Код типу видання за змістом
Код типу видання за змістом (НП) Літературно-художні видання
Фонди
Стан вилучень Стан втрат Джерело класифікації або схеми стелажів Стан уражень Не для кредиту Постійне місце розташування Поточне розміщення Дата придбання Вартість, звичайна ціна покупки Інвентарний номер Усього замовленно Повний номер виклику Штрих-код Дата останнього перегляду Вартість, ціна заміни Ціна ефективна від Тип елемента Koha
    Universal Decimal Classification     ВІЛ - Відділ іноземн. літератури НБ ВІЛ - Відділ іноземн. літератури НБ 27/04/2026 40.00 204383   821.111 H25 204383 27/04/2026 40.00 27/04/2026 Книги